|
|
|
|
| LEADER |
00000ny a22000003n 4500 |
| 005 |
20110616110144.0 |
| 008 |
A10218s1999 sp ||l 100|0 spa d |
| 020 |
|
|
|a 9788495027498
|
| 035 |
|
|
|a 3319
|
| 040 |
|
|
|a BUS
|d vLex
|
| 080 |
|
|
|a 711.4 (460.23)
|
| 090 |
|
|
|c 752
|d 752
|
| 111 |
2 |
|
|a Jornadas jurd̕icas de la Facultad de Derecho de Lřida
|n (12a.
|d 1997.
|c Lřida)
|
| 245 |
1 |
3 |
|a El nuevo derecho urbans̕tico
|h [Recurso electrn̤ico]
|b estudios sobre el marco jurd̕ico del urbanismo en Cataluą : (XII Jornadas jurd̕icas de la Facultad de Derecho de Lřida, 16 y 17 de diciembre de 1997) /
|c Juan Pemǹ Gavn̕, Javier Olivǹ del Cacho, coordinadores; [ponentes] Martn̕ Bassols Coma... [et al.]
|
| 256 |
|
|
|a Servicio en ln̕ea
|
| 260 |
|
|
|a Barcelona
|b Cedecs,
|c 1999
|
| 300 |
|
|
|a 405 p. ; 23 cm
|
| 506 |
1 |
|
|a Contenido solo disponible en los productos indicados
|d vLex Global
|d vLex Global (Academic Edition, excluding Law Schools)
|d vLex Global (U.S. Academic Edition, Law Schools)
|d vLex Global (U.S. Academic Edition, excluding Law Schools)
|d vLex Global (Academic Edition, Law Schools)
|
| 650 |
0 |
7 |
|2 Tesauro vLex
|a Derecho urbans̕tico
|
| 700 |
1 |
|
|a Olivan del Cacho, Javier
|e dir.
|
| 700 |
1 |
|
|a Pemǹ Gavn̕, Juan
|e director
|
| 740 |
0 |
|
|a vLex Libros (Servicios en ln̕ea)
|
| 856 |
4 |
0 |
|z Acceso restringido
|u http://vlex.com/source/3319
|
| 942 |
|
|
|c BOOK
|
| 999 |
0 |
|
|a City planning and redevelopment law
|b Barcelona
|